000 01057nam a22003257a 4500
001 00004140
003 DO-SdBNP
005 20180202154257.0
007 00004140
008 160610b 2002 ru xxu||||| |||| 00| 0 spa d
040 _aBPMSU
_bspa
_cBPMSU
092 _a618.92398
_b D566o
100 1 _aDietz, W. H.
245 1 0 _aObesidad en la infancia y la adolescencia /
_ccoordinadores ; W. H. Dietz y C. Chen.
260 _aVevey, Suiza :
_bNestlé Nutrition,
_c2003.
300 _aiv, 66 p. ;
_c24 cm.
490 1 _aNestlé Nutrition workshop series
490 1 _aPediatric program
_v49
500 _aIncluye referencias bibliográficas y notas al pie de las páginas
650 4 _aOBESIDAD EN NIÑOS
650 4 _aOBESIDAD
_xTERAPIA
650 4 _aADOLESCENCIA
700 1 2 _aChen, C.
830 0 _pNestlé Nutrition workshop series
830 0 _p Pediatric program ;
_v49
910 _aValidado. Control de calidad MFF
942 _2ddc
_cBK
945 _aInventariado, 2018 / BT
956 _2LOPEREZ
_310
_620160610
_8BPMSU
_a00041
999 _c10358
_d10358